| 000 | 00860 a2200217 4500 | ||
|---|---|---|---|
| 003 | Nust | ||
| 005 | 20221221115413.0 | ||
| 010 | _a 85003111 | ||
| 020 | _a0024076104 | ||
| 040 | _cNust | ||
| 082 | 0 | 0 | _a158.719, SCH |
| 100 | 1 |
_aSchultz, Duane P. _937124 |
|
| 245 | 1 | 0 |
_aPsychology and industry today : _ban introduction to industrial and organizational psychology / _cDuane P. Schultz, Sydney Ellen Schultz. |
| 250 | _a4th ed. | ||
| 260 |
_aNew York : _bMacmillan, _cc1986. |
||
| 300 |
_axiii, 593 p. : _bill. ; _c25 cm. |
||
| 505 | _aPart-1: The Practice of Industrial Psychology (Page-1), Part-2: Personnel Psychology (Page-67), Part-3: Organization Psychology (Page-245), Part-4: The Workplace (Page-359), Part-5: Consumer Psychology (Page-503). | ||
| 650 | 0 | _aPsychology, Industrial. | |
| 700 | 1 |
_aSchultz, Sydney Ellen. _937125 |
|
| 942 |
_2ddc _cBK |
||
| 999 |
_c178417 _d178417 |
||